Os mais belos contos de Andersen (Registo nº 4220)

Detalhes MARC
000 -Etiqueta do registo
Cabeçalho 00886nam0a2200265 4500
005 - Identificador da versão
Campo de controlo 20240813122055.0
010 ## - Número internacional normalizado dos livros (ISBN)
Número (ISBN) 9722610988
021 ## - Número do Depósito Legal
Código do país PT
Número 61243/92
100 ## - Dados gerais de processamento
Dados gerais de processamento 20170210d1994 cd y0pory5003 ba
102 ## - Pais de publicação ou produção
País de publicação Portugal
101 1# - Língua de publicação
Língua do texto, banda sonora, etc. Português
Língua do documento no original Inglês
215 ## - Descrição física 
Indicação específica da natureza do documento e extensão da espécie 98, [2] p.
Outras indicações físicas il. color
200 1# - Titulo e menção de responsabilidade
Título próprio Os mais belos contos de Andersen
Primeira menção de responsabilidade il. Michael Fiodorov
Outras menções de responsabilidade trad. Carlos José Marques Duarte de Jesus
225 1# - Colecção 
Título próprio da colecção Grandes ilustradfores da escola russa
210 ## - Publicação, Distribuição, etc. 
Lugar da edição, distribuição, etc. [Porto]
Nome do editor, distribuidor, etc. Civilização
Data da publicação, distribuição, etc. cop. 1992
Data da impressão imp. 1994
606 ## - Nome comum usado como assunto
Número de registo de entrada de autoridade 0001334
Palavra de ordem Literatura dinamarquesa
Subdivisão de assunto Conto
Código do sistema CA
675 ## - Classificação Decimal Universal (CDU)
Notação 821.113.4-34
Edição 3ª ed.
Língua da edição por
702 #1 - Nome de autor-pessoa física (responsabilidade secundária)
Número de registo de entrada de autoridade 0000889
Palavra de ordem Fiodorov
Outra parte do nome não tomada para palavra de ordem Michael
Código de função Ilustrador / Técnico de desenho computorizado
Número de registo de entrada de autoridade 0000890
Palavra de ordem Jesus
Outra parte do nome não tomada para palavra de ordem Carlos José Marques Duarte de
Código de função Tradutor
700 #1 - Nome de autor-pessoa física (responsabilidade principal)
Número de registo de entrada de autoridade 0000290
Palavra de ordem Andersen
Outra parte do nome não tomada para palavra de ordem Hans Christian
Datas 1805-1875
966 ## - Identificação da Biblioteca
Sigla EBVEN
942 ## - Elementos de entrada adicionados (Koha)
Tipo de item no Koha Livro
Exemplares
Situação do levantamento Origin of item (home branch) (coded) Biblioteca de empréstimo Código de barras Cota Circulation type (not for loan) Tipo de documento Nota do exemplar Damaged status
  Biblioteca Escolar das Vendas Biblioteca Escolar das Vendas BEV109 8EST AND   Livro Sem mensagem